| 000 | 00474nam a2200157Ia 4500 | ||
|---|---|---|---|
| 008 | 220216s9999 xx 000 0 und d | ||
| 100 | _aKrishnakumar A K | ||
| 245 | 0 | _aFocus on socio-economic and ecological aspects in the development of rubber plantations in the non-traditional regions in India | |
| 260 |
_bANRPC News _c1996 |
||
| 300 | _a9-Aug | ||
| 650 | _aEcofriendly | ||
| 650 | _aIndia | ||
| 650 | _aRubber plantation | ||
| 650 | _aSocioeconomics | ||
| 942 | _cJS | ||
| 999 |
_c59498 _d59498 |
||